[Event "Skara Vastgota op"]
[Site "Skara"]
[Date "2023.02.19"]
[Round "7"]
[White "Bjorklund, Thomas"]
[Black "Miezis, Normunds"]
[Result "0-1"]
[WhiteElo "2141"]
[BlackElo "2427"]
[PlyCount "46"]
[EventDate "2023.02.18"]
[EventType "swiss"]
[EventRounds "9"]
[EventCountry "SWE"]
[SourceTitle "CBM 212 Extra"]
[Source "ChessBase"]
[SourceDate "2023.03.31"]
[SourceVersion "1"]
[SourceVersionDate "2023.03.31"]
[SourceQuality "1"]

1. e4 c5 2. Nf3 e6 3. c3 d5 4. exd5 exd5 5. d4 Nc6 6. Be2 Bd6 7. dxc5 Bxc5 8. 0-0 Nf6 9. Bg5 Be6 10. Nbd2 h6 11. Bh4 0-0 12. Nb3 Bb6 13. Nbd4 Bg4 14. Re1 Re8 15. Qa4 Re4 16. Nxc6 bxc6 17. Qxc6 Bxf3 18. Bxf6 Qe8 19. Qxe8+ Raxe8 20. gxf3 Rxe2 21. Rxe2 Rxe2 22. Bh4 g5 23. Bg3 f5 0-1

[Event "Skara Vastgota op"]
[Site "Skara"]
[Date "2023.02.18"]
[Round "5"]
[White "Kockum, Anton Frisk"]
[Black "Bjorklund, Thomas"]
[Result "1-0"]
[WhiteElo "2329"]
[BlackElo "2141"]
[PlyCount "63"]
[EventDate "2023.02.18"]
[EventType "swiss"]
[EventRounds "9"]
[EventCountry "SWE"]
[SourceTitle "CBM 212 Extra"]
[Source "ChessBase"]
[SourceDate "2023.03.31"]
[SourceVersion "1"]
[SourceVersionDate "2023.03.31"]
[SourceQuality "1"]

1. d4 d5 2. Nf3 Nf6 3. c4 e6 4. Nc3 Be7 5. Bg5 0-0 6. e3 b6 7. Rc1 Bb7 8. cxd5 Nxd5 9. Nxd5 Bxd5 10. Bxe7 Qxe7 11. Qa4 a5 12. a3 Rc8 13. Be2 Nd7 14. 0-0 c5 15. Rfd1 Rab8 16. Bb5 Bxf3 17. gxf3 Nf6 18. Bf1 h6 19. f4 Ng4 20. h3 Nf6 21. Bg2 cxd4 22. Rxc8+ Rxc8 23. Qxd4 b5 24. Qb6 Qc7 25. Qxb5 Rb8 26. Qe2 Rb3 27. Bf3 Nd7 28. Kg2 g6 29. Qd2 Nc5 30. Rc1 Qb6 31. Qd4 Na6 32. Rc8+ 1-0

[Event "SWE-chT 2122 Elite"]
[Site "Sweden"]
[Date "2022.05.14"]
[Round "8"]
[White "Bjorklund, Thomas"]
[Black "Jogstad, Martin"]
[Result "0-1"]
[WhiteElo "2168"]
[BlackElo "2335"]
[PlyCount "79"]
[EventDate "2021.12.03"]
[EventType "team-tourn"]
[EventRounds "9"]
[EventCountry "SWE"]
[SourceTitle "EXT 2024"]
[Source "ChessBase"]
[SourceDate "2023.10.10"]
[SourceVersion "1"]
[SourceVersionDate "2023.10.10"]
[SourceQuality "1"]
[WhiteTeam "Pelaro Alingsas"]
[BlackTeam "Lunds"]
[WhiteTeamCountry "SWE"]
[BlackTeamCountry "SWE"]

1. e4 e6 2. d4 d5 3. exd5 exd5 4. Bd3 c5 5. dxc5 Bxc5 6. Nf3 Nf6 7. Bg5 h6 8. Bh4 Qe7+ 9. Qe2 Qxe2+ 10. Kxe2 g5 11. Bg3 Ne4 12. Nfd2 0-0 13. f3 Nxg3+ 14. hxg3 Re8+ 15. Kd1 Kg7 16. g4 Nc6 17. Nc3 Be6 18. Ne2 Ne5 19. Bb5 Rec8 20. Ng3 a6 21. Ba4 Bd4 22. Rb1 b5 23. Bb3 Nc4 24. c3 Be5 25. Bxc4 Bxg3 26. Bd3 d4 27. cxd4 Rd8 28. Be4 Ra7 29. d5 Bxd5 30. Bxd5 Rxd5 31. Ke2 Bf4 32. Ne4 Rc7 33. Rhd1 Rc2+ 34. Kf1 Rxd1+ 35. Rxd1 Rxb2 36. a3 Ra2 37. Rd3 Bc1 38. Nc5 Rxa3 39. Rxa3 Bxa3 40. Nxa6 0-1

[Event "SWE-chT 2122 Elite"]
[Site "Sweden"]
[Date "2022.03.20"]
[Round "5.1"]
[White "Eklund, Joel"]
[Black "Bjorklund, Thomas"]
[Result "1/2-1/2"]
[WhiteElo "2279"]
[BlackElo "2168"]
[PlyCount "117"]
[EventDate "2021.12.03"]
[EventType "team-tourn"]
[EventRounds "9"]
[EventCountry "SWE"]
[SourceTitle "EXT 2023"]
[Source "ChessBase"]
[SourceDate "2022.10.05"]
[SourceVersion "1"]
[SourceVersionDate "2022.10.05"]
[SourceQuality "1"]
[WhiteTeam "Limhamn"]
[BlackTeam "Pelaro Alingsas"]
[WhiteTeamCountry "SWE"]
[BlackTeamCountry "SWE"]

1. c4 e6 2. Nc3 Nf6 3. d4 d5 4. cxd5 exd5 5. Bg5 Be7 6. e3 c6 7. Bd3 Be6 8. Qc2 h6 9. Bh4 Nbd7 10. Nge2 Rc8 11. Nf4 Nf8 12. 0-0 Bd7 13. Bxf6 Bxf6 14. b4 Ne6 15. Nh5 0-0 16. b5 g6 17. bxc6 bxc6 18. Nxf6+ Qxf6 19. Na4 Rb8 20. Nc5 Qe7 21. Rfc1 Nxc5 22. Qxc5 Qxc5 23. Rxc5 Rb2 24. Ra5 Rb7 25. Rc1 Rfb8 26. Kf1 Kf8 27. Bc2 Ke7 28. Ke1 Kd6 29. Bb3 f5 30. Rcc5 Rc7 31. Kd2 Re8 32. Ra6 Be6 33. Kc3 Rb8 34. Rca5 Rbb7 35. f3 Bf7 36. Bc2 Be6 37. h4 g5 38. hxg5 hxg5 39. e4 fxe4 40. fxe4 g4 41. Bb3 dxe4 42. Bxe6 Kxe6 43. Rg5 Rb6 44. Raa5 Rb5 45. a4 Rxa5 46. Rxa5 c5 47. Rxc5 Rxc5+ 48. dxc5 Kd5 49. c6 Kxc6 50. Kd4 Kb6 51. Kxe4 Ka5 52. Kf4 Kxa4 53. Kxg4 Kb4 54. Kf5 a5 55. g4 a4 56. g5 a3 57. g6 a2 58. g7 a1Q 59. g8Q 1/2-1/2

[Event "SWE-chT 2122 Elite"]
[Site "Sweden"]
[Date "2022.03.19"]
[Round "4.1"]
[White "Bjorklund, Thomas"]
[Black "Kallerholm, Per"]
[Result "1/2-1/2"]
[WhiteElo "2168"]
[BlackElo "1906"]
[PlyCount "163"]
[EventDate "2021.12.03"]
[EventType "team-tourn"]
[EventRounds "9"]
[EventCountry "SWE"]
[SourceTitle "EXT 2023"]
[Source "ChessBase"]
[SourceDate "2022.10.05"]
[SourceVersion "1"]
[SourceVersionDate "2022.10.05"]
[SourceQuality "1"]
[WhiteTeam "Pelaro Alingsas"]
[BlackTeam "Vaxjo"]
[WhiteTeamCountry "SWE"]
[BlackTeamCountry "SWE"]

1. e4 e6 2. d4 d5 3. exd5 exd5 4. Bd3 Nf6 5. Ne2 Bd6 6. Bg5 h6 7. Bh4 c6 8. Nd2 Be6 9. c3 Nbd7 10. Qc2 Qc7 11. b4 a5 12. Rb1 b5 13. Bg3 Nb6 14. 0-0 Nc4 15. Bxc4 dxc4 16. a3 Bd5 17. Bxd6 Qxd6 18. Ng3 0-0 19. Rbe1 axb4 20. axb4 Rfe8 21. Nde4 Nxe4 22. Nxe4 Qg6 23. f3 Re6 24. Qf2 Rae8 25. Ng3 Qd3 26. Ne4 Bxe4 27. fxe4 Rf6 28. Qg3 Rxf1+ 29. Rxf1 Qxg3 30. hxg3 Rxe4 31. Rf3 Re2 32. Rf5 Rc2 33. d5 cxd5 34. Rxd5 Rxc3 35. Rxb5 Rc1+ 36. Kh2 c3 37. Rc5 g5 38. b5 Kg7 39. b6 Rb1 40. b7 Rxb7 41. Rxc3 Rb1 42. Rc6 h5 43. Ra6 f6 44. Rc6 Kg6 45. Rc5 Re1 46. Rc8 Kf5 47. Rh8 Kg4 48. Rd8 f5 49. Rd4+ Re4 50. Rd3 Re2 51. Rd4+ Re4 52. Rd3 h4 53. gxh4 Kxh4 54. Rh3+ Kg4 55. Rf3 Re1 56. Rb3 f4 57. Ra3 Kf5 58. Ra5+ Re5 59. Ra8 Kg4 60. Rb8 Re2 61. Rb3 Kh5 62. Kg1 g4 63. Kf1 Ra2 64. Rb4 Kg5 65. Rc4 g3 66. Rc8 Ra1+ 67. Ke2 Rg1 68. Rg8+ Kf5 69. Rf8+ Ke5 70. Re8+ Kd5 71. Kf3 Rf1+ 72. Kg4 Rf2 73. Re7 Kd4 74. Re8 Kd3 75. Re7 Kd2 76. Re4 Rxg2 77. Kxf4 Rg1 78. Kf3 Kd3 79. Re8 Kd4 80. Rg8 Ke5 81. Rxg3 Rxg3+ 82. Kxg3 1/2-1/2

[Event "SWE-chT 1920 Superettan"]
[Site "Sweden"]
[Date "2019.10.19"]
[Round "2"]
[White "Engstrom, Kaj"]
[Black "Bjorklund, Thomas"]
[Result "1/2-1/2"]
[WhiteElo "2213"]
[BlackElo "2169"]
[PlyCount "107"]
[EventDate "2019.10.18"]
[EventType "team-tourn"]
[EventRounds "9"]
[EventCountry "SWE"]
[SourceTitle "EXT 2023"]
[Source "ChessBase"]
[SourceDate "2022.10.05"]
[SourceVersion "1"]
[SourceVersionDate "2022.10.05"]
[SourceQuality "1"]
[WhiteTeam "Kungstornet"]
[BlackTeam "Pelaro Alingsas"]
[WhiteTeamCountry "SWE"]
[BlackTeamCountry "SWE"]

1. e4 e5 2. Nf3 Nc6 3. Bc4 Bc5 4. d3 d6 5. c3 Nf6 6. 0-0 Bg4 7. Be3 Bb6 8. a4 0-0 9. Nbd2 d5 10. Bb5 Bxe3 11. fxe3 dxe4 12. dxe4 Ne7 13. Be2 Ng6 14. Qb3 Bxf3 15. Nxf3 Qe7 16. Nd2 Qc5 17. Nc4 Rab8 18. Qb5 Nxe4 19. Bf3 a6 20. Qxc5 Nxc5 21. b4 Nd7 22. Rfd1 Nf6 23. Na5 e4 24. Be2 Ne5 25. Rd4 h6 26. Rad1 Rfc8 27. Nb3 Nc6 28. R4d2 Ne7 29. Nc5 Nf5 30. Kf2 Nd6 31. g4 Re8 32. h3 Re7 33. c4 Ra8 34. Nb3 g6 35. c5 Nde8 36. Rd8 Rxd8 37. Rxd8 Kg7 38. c6 bxc6 39. Bxa6 Nd5 40. Rb8 Re6 41. Nd4 Rf6+ 42. Ke1 c5 43. bxc5 Rxa6 44. Rxe8 Rxa4 45. Rxe4 Kf6 46. Kf2 Rc4 47. c6 Rc3 48. h4 g5 49. hxg5+ hxg5 50. Re8 Ne7 51. Ra8 Ke5 52. Re8 Kf6 53. Ra8 Ke5 54. Re8 1/2-1/2

[Event "Gothenburg Kvibergspelen"]
[Site "Gothenburg"]
[Date "2018.04.21"]
[Round "6"]
[White "Bergre, Joachim"]
[Black "Bjorklund, Thomas"]
[Result "0-1"]
[WhiteElo "1974"]
[BlackElo "2156"]
[PlyCount "130"]
[EventDate "2018.04.20"]
[EventType "swiss"]
[EventRounds "8"]
[EventCountry "SWE"]
[SourceTitle "CBM 184 Extra"]
[Source "ChessBase"]
[SourceDate "2018.06.28"]
[SourceVersion "1"]
[SourceVersionDate "2018.06.28"]
[SourceQuality "1"]

1. c4 c5 2. g3 g6 3. Bg2 Bg7 4. Nc3 Nf6 5. a3 Nc6 6. Rb1 0-0 7. b4 cxb4 8. axb4 e6 9. Nf3 d5 10. b5 Ne7 11. cxd5 Nexd5 12. Nxd5 Nxd5 13. 0-0 Qb6 14. Qb3 Bd7 15. Bb2 Bxb2 16. Qxb2 Nc7 17. Ne5 Bxb5 18. Ng4 e5 19. Qxe5 f6 20. Qc3 h5 21. Ne3 a6 22. Rfc1 Ne6 23. Nd5 Qd4 24. e3 Qxc3 25. Rxc3 Rad8 26. d4 Rd7 27. Nb4 Kg7 28. Rbc1 Rfd8 29. h4 g5 30. Bh3 g4 31. Bg2 f5 32. Rc8 a5 33. Na2 Rxc8 34. Rxc8 Rc7 35. Rxc7+ Nxc7 36. Bxb7 a4 37. d5 Bc4 38. d6 Ne6 39. Nb4 Bb3 40. Bd5 Nc5 41. Bxb3 axb3 42. Nd3 Nxd3 43. d7 b2 44. d8Q b1Q+ 45. Kh2 Ne5 46. Qc7+ Nf7 47. Qc3+ Kf8 48. Qc5+ Ke8 49. Qc6+ Ke7 50. Qc7+ Ke6 51. Qc4+ Kf6 52. Qc6+ Kg7 53. Qc3+ Kh7 54. Qf6 Kg8 55. Qg6+ Kf8 56. Qc6 Qe4 57. Qc5+ Kg7 58. Qc3+ Qe5 59. Qc6 Qd6 60. Qc3+ Kg6 61. Qc4 Kg7 62. Qc2 Qd5 63. Qc3+ Ne5 64. Qc7+ Kg6 65. Qb6+ Qc6 0-1

[Event "Gothenburg Kvibergspelen"]
[Site "Gothenburg"]
[Date "2017.05.07"]
[Round "8"]
[White "Akesson, Ralf"]
[Black "Bjorklund, Thomas"]
[Result "1/2-1/2"]
[WhiteElo "2460"]
[BlackElo "2141"]
[PlyCount "76"]
[EventDate "2017.05.05"]
[EventType "swiss"]
[EventRounds "8"]
[EventCountry "SWE"]
[SourceTitle "CBM 178 Extra"]
[Source "ChessBase"]
[SourceDate "2017.06.22"]
[SourceVersion "1"]
[SourceVersionDate "2017.06.22"]
[SourceQuality "1"]

1. Nf3 d5 2. d4 Nf6 3. c4 e6 4. g3 Be7 5. Bg2 0-0 6. 0-0 Re8 7. Qc2 Nbd7 8. b3 a5 9. Nc3 c5 10. cxd5 Nxd5 11. Nxd5 exd5 12. Rd1 cxd4 13. Nxd4 Nf6 14. Bb2 Qb6 15. Rac1 a4 16. bxa4 Bd7 17. Qb3 Qa5 18. Nb5 Bxb5 19. axb5 Qxa2 20. Qxa2 Rxa2 21. Bxf6 gxf6 22. Bxd5 Rxe2 23. Bxb7 Ba3 24. Rc3 Bb4 25. Rf3 R8e6 26. Rd8+ Kg7 27. Bd5 Ba5 28. Rb8 Rb6 29. Rd8 Re7 30. Rf4 Rxb5 31. Rg4+ Kh6 32. Rh4+ Kg7 33. Rg4+ Kh6 34. Rd6 Bc3 35. Rc4 Be5 36. Rd8 Bc7 37. Rc8 Rxd5 38. R8xc7 Rxc7 1/2-1/2

[Event "SWE AM2001"]
[Site "Sweden"]
[Date "2001.??.??"]
[Round "6"]
[White "Bjorklund, Thomas"]
[Black "Friborg, Johan"]
[Result "1-0"]
[WhiteElo "1816"]
[BlackElo "1406"]
[PlyCount "75"]
[EventDate "2001.??.??"]
[EventType "tourn"]
[EventRounds "15"]
[EventCountry "SWE"]
[SourceTitle "EXT 2003"]
[Source "ChessBase"]
[SourceDate "2002.11.25"]
[SourceVersion "1"]
[SourceVersionDate "2002.11.25"]
[SourceQuality "1"]

1. e4 e5 2. Nf3 Nc6 3. Bc4 Bc5 4. d3 d6 5. Nc3 Be6 6. Bb3 Nge7 7. Bxe6 fxe6 8. Ng5 Nd4 9. Be3 Ng6 10. 0-0 Qe7 11. Na4 Bb6 12. Nxb6 axb6 13. c3 Nc6 14. Qh5 0-0-0 15. a4 Nf4 16. Bxf4 exf4 17. Qg4 Rde8 18. Qxf4 Rhf8 19. Qe3 Rf6 20. f4 Rh6 21. b4 Rf8 22. a5 bxa5 23. b5 Nd8 24. Rxa5 b6 25. Ra8+ Kd7 26. Ra7 Ke8 27. Ra8 Rg6 28. Nxh7 Rh8 29. Ng5 e5 30. Nf3 exf4 31. Qxf4 Rh5 32. Nd4 Kd7 33. Rxd8+ Qxd8 34. Qf7+ Kc8 35. Qxg6 Qh4 36. Qe8+ Kb7 37. Qc6+ Ka7 38. Ra1+ 1-0

[Event "SWE AM2001"]
[Site "Sweden"]
[Date "2001.??.??"]
[Round "7"]
[White "Ivarsson, Christer"]
[Black "Bjorklund, Thomas"]
[Result "0-1"]
[WhiteElo "1322"]
[BlackElo "1816"]
[PlyCount "53"]
[EventDate "2001.??.??"]
[EventType "tourn"]
[EventRounds "15"]
[EventCountry "SWE"]
[SourceTitle "EXT 2003"]
[Source "ChessBase"]
[SourceDate "2002.11.25"]
[SourceVersion "1"]
[SourceVersionDate "2002.11.25"]
[SourceQuality "1"]

1. e4 e5 2. Nf3 Nc6 3. c3 d6 4. b4 a6 5. Na3 Nf6 6. d3 Be7 7. h3 Be6 8. Be2 0-0 9. 0-0 Qd7 10. Be3 d5 11. Qc2 d4 12. cxd4 Nxb4 13. Qc3 exd4 14. Bxd4 Nc6 15. Bxf6 Bxf6 16. e5 Be7 17. Nc4 Rad8 18. Rad1 f6 19. d4 Bd5 20. Ne3 Bb4 21. Qd3 Bxa2 22. Nh2 fxe5 23. Qc2 Qf7 24. Bd3 Nxd4 25. Qb2 c5 26. Nhg4 Rfe8 27. Nc4 0-1

[Event "SWE AM2001"]
[Site "Sweden"]
[Date "2001.??.??"]
[Round "14"]
[White "Johansson, Eva"]
[Black "Bjorklund, Thomas"]
[Result "1-0"]
[WhiteElo "1811"]
[BlackElo "1810"]
[PlyCount "147"]
[EventDate "2001.??.??"]
[EventType "tourn"]
[EventRounds "15"]
[EventCountry "SWE"]
[SourceTitle "EXT 2003"]
[Source "ChessBase"]
[SourceDate "2002.11.25"]
[SourceVersion "1"]
[SourceVersionDate "2002.11.25"]
[SourceQuality "1"]

1. d4 Nf6 2. c4 e6 3. Nf3 d5 4. g3 c6 5. Bg2 Nbd7 6. 0-0 Be7 7. Nc3 0-0 8. Qc2 Nb6 9. c5 Nbd7 10. b4 a5 11. b5 cxb5 12. Nxb5 Ne4 13. Bf4 Ndf6 14. Bc7 Qe8 15. a4 Bd7 16. Rfb1 Ng4 17. Nc3 Ngxf2 18. Ne5 Bc6 19. e3 Bf6 20. Nxe4 Nxe4 21. Nxc6 Qxc6 22. Bxe4 dxe4 23. Bd6 Rfd8 24. Qb3 Rd7 25. Ra2 h6 26. Rab2 Ra6 27. Qb5 Bg5 28. Kf2 Rxd6 29. cxd6 Qxd6 30. Qe8+ Kh7 31. Qxf7 Qa3 32. Rb3 Qa2+ 33. R1b2 Qa1 34. Qxb7 Qh1 35. Qxa6 Qxh2+ 36. Ke1 Qxg3+ 37. Kd2 h5 38. Qe2 h4 39. Rb1 Bh6 40. Rh1 g5 41. Qf1 Qc7 42. Qa6 Qg3 43. Rb7+ Bg7 44. Qe2 Kh6 45. Rf1 Kg6 46. Qf2 Qxf2+ 47. Rxf2 h3 48. Ke1 g4 49. Kf1 Bf6 50. Rb5 Bg5 51. Rxg5+ Kxg5 52. Kg1 Kh4 53. Rf4 Kg3 54. Rf6 h2+ 55. Kh1 Kh3 56. Rh6+ Kg3 57. Rxh2 Kf3 58. Rg2 Kxe3 59. Kg1 Kf3 60. Kf1 e3 61. Rb2 g3 62. Rg2 Ke4 63. Ke2 Kxd4 64. Rxg3 Kc4 65. Rxe3 Kb4 66. Rxe6 Kxa4 67. Kd2 Kb3 68. Kc1 a4 69. Kb1 Ka3 70. Re3+ Kb4 71. Ka2 Kc5 72. Ka3 Kd4 73. Re8 Kd5 74. Kxa4 1-0

[Event "SWE AM2001"]
[Site "Sweden"]
[Date "2001.??.??"]
[Round "1"]
[White "Orava, Ari"]
[Black "Bjorklund, Thomas"]
[Result "0-1"]
[WhiteElo "1436"]
[BlackElo "1816"]
[PlyCount "98"]
[EventDate "2001.??.??"]
[EventType "tourn"]
[EventRounds "15"]
[EventCountry "SWE"]
[SourceTitle "EXT 2003"]
[Source "ChessBase"]
[SourceDate "2002.11.25"]
[SourceVersion "1"]
[SourceVersionDate "2002.11.25"]
[SourceQuality "1"]

1. e4 c5 2. Nf3 d6 3. Bb5+ Bd7 4. Bxd7+ Nxd7 5. b3 Ngf6 6. d3 g6 7. Bb2 Bg7 8. c4 0-0 9. 0-0 a6 10. a4 Re8 11. Nc3 Nf8 12. Nd2 N6d7 13. f4 e6 14. Nf3 f5 15. exf5 exf5 16. Qd2 Ne6 17. Nd5 Nb6 18. Nxb6 Qxb6 19. Bxg7 Nxg7 20. Qc2 Ne6 21. g3 Rad8 22. Rfe1 Re7 23. Re2 Rde8 24. Rae1 Qb4 25. Qd1 Kf7 26. Ng5+ Nxg5 27. Rxe7+ Rxe7 28. Rxe7+ Kxe7 29. fxg5 Qc3 30. Kg2 Qd4 31. Qd2 Ke6 32. Qe2+ Qe5 33. Qd2 d5 34. Kf3 b6 35. Qe3 Qxe3+ 36. Kxe3 d4+ 37. Kf3 Kd6 38. h3 Ke6 39. g4 fxg4+ 40. Kxg4 Ke5 41. h4 a5 42. h5 gxh5+ 43. Kxh5 Kf5 44. Kh4 Kf4 45. Kh5 Kg3 46. Kh6 Kg4 47. Kxh7 Kxg5 48. Kg7 Kf4 49. Kf6 Ke3 0-1

[Event "SWE AM2001"]
[Site "Sweden"]
[Date "2001.??.??"]
[Round "5"]
[White "Wengholm, Anders"]
[Black "Bjorklund, Thomas"]
[Result "1-0"]
[WhiteElo "2261"]
[BlackElo "1810"]
[PlyCount "41"]
[EventDate "2001.??.??"]
[EventType "tourn"]
[EventRounds "15"]
[EventCountry "SWE"]
[SourceTitle "EXT 2003"]
[Source "ChessBase"]
[SourceDate "2002.11.25"]
[SourceVersion "1"]
[SourceVersionDate "2002.11.25"]
[SourceQuality "1"]

1. Nf3 d5 2. c4 Nf6 3. cxd5 Qxd5 4. Nc3 Qd8 5. d4 e6 6. e4 Bd7 7. Bd3 Bb4 8. 0-0 Nc6 9. d5 Ne7 10. Bg5 Bxc3 11. bxc3 exd5 12. Bxf6 gxf6 13. exd5 Nxd5 14. Qb3 Bc6 15. Bc4 Ne7 16. Rad1 Qc8 17. Bxf7+ Kf8 18. Nd4 Bd7 19. Be6 Bxe6 20. Nxe6+ Ke8 21. Rfe1 1-0